Statistics for 合肥轨道车站地图 Hefei Metro Map Quiz

Click here to take the quiz!

General Stats

  • This quiz has been taken 19 times
  • The average score is 19 of 26

Answers on the Map

Answers color-coded by a green-red scale on the quiz's map according to % correct below.
 

Answer Stats

LineStation% Correct
1号线 Line 1合肥南站 Hefeinan Railway Station
87%
5号线 Line 5合肥南站 Hefeinan Railway Station
87%
4号线 Line 4合肥南站 Hefeinan Railway Station
87%
2号线 Line 2大东门 Dadongmen
80%
1号线 Line 1大东门 Dadongmen
80%
1号线 Line 1合肥火车站 Hefei Railway Station
80%
3号线 Line 3合肥火车站 Hefei Railway Station
80%
2号线 Line 2南岗 Nangang
80%
3号线 Line 3幸福坝 Xingfuba
80%
3号线 Line 3西七里塘 Xiqilitang
80%
2号线 Line 2西七里塘 Xiqilitang
80%
3号线 Line 3图书馆 Hefei Central Library
73%
4号线 Line 4图书馆 Hefei Central Library
73%
4号线 Line 4综保区 Hefei Comprehensive Bonded Zone
73%
1号线 Line 1云谷路 Yungu Road
73%
5号线 Line 5云谷路 Yungu Road
73%
2号线 Line 2东七里 Dongqili
67%
4号线 Line 4东七里 Dongqili
67%
1号线 Line 1九联圩 Jiulianwei
67%
2号线 Line 2三十埠 Sanshibu
67%
3号线 Line 3方庙 Fangmiao
60%
4号线 Line 4方庙 Fangmiao
60%
5号线 Line 5贵阳路 Guiyang Road
60%
4号线 Line 4青龙岗 Qinglonggang
60%
5号线 Line 5望湖城西 Wanghuchengxi
60%
3号线 Line 3相城路 Xiangcheng Road
53%

Score Distribution

Percentile by Number Answered

Percent of People with Each Score

Your Score History

You have not taken this quiz